| 000 | 00649nam a2200193 a 4500 | ||
|---|---|---|---|
| 005 | 20231207063601.0 | ||
| 008 | 020830s1992 mx r 000 0 spa d | ||
| 035 | _aUPN01000118817 | ||
| 049 | _aCG | ||
| 050 | 4 |
_aQC1 _bC6.3 |
|
| 111 | 2 |
_aColoquio de Física _d(1989 : _cMéxico) |
|
| 245 | 1 | 0 |
_aFísica : _bmaterias con alto índice de reprobación / _ccomp. Alicia Batllori Guerrero. |
| 260 |
_aMéxico : _bUNAM, Centro de Investigaciones y Servicios Educativos, _c1992. |
||
| 300 | _a115 p. | ||
| 440 | 0 |
_aSerie sobre la universidad ; _v20 |
|
| 650 | 4 |
_aFísica _vCongresos _920796 |
|
| 700 | 1 |
_aBatllori, Guerrero, Alicia, _ecomp. |
|
| 905 | _aLibro | ||
| 999 |
_c91180 _d91180 |
||